Európsky preukaz zdravotného poistenia

Bibliographic Details
Main Author: Mintál, Ján (Author)
Format: Article
Language:Slovak
ISSN:1337-060X
Subjects:

MARC

LEADER 00000nab a2200000 a 4500
001 vtls010098999
003 SK-MaSNL
005 20260303080908.0
008 100524 2010 xo 000 0 slo
015 |a SNBRB2010/05  |2 lmaosk 
038 |a LMAOSK 
040 |a LMAOSK  |b slo  |c LMAOSK  |e AACR2 
041 0 |a slo 
044 |a xo  |c SK 
080 |a 364.32  |2 2001 
100 1 |a Mintál, Ján,  |4 aut  |9 466607 
245 1 0 |a Európsky preukaz zdravotného poistenia  |c Ján Mintál 
650 0 7 |a európsky preukaz zdravotného poistenia  |2 lmaosk  |9 1083365 
650 0 7 |a zdravotné poistenie  |2 SNKPH  |9 28257 
773 0 |t Práce a mzdy bez chýb, pokút a penále  |g Roč. 2010, č. 4/2010, s. 23-25  |x 1337-060X 
852 |a LMAOSK  |b KIS3GCP 
958 |a SK 
999 |c 1782413  |d 1784343